LEADER 00999nam0-22003011--450- 001 990008225750403321 005 20051116102110.0 035 $a000822575 035 $aFED01000822575 035 $a(Aleph)000822575FED01 035 $a000822575 100 $a20051116d1992----km-y0itay50------ba 101 0 $aita 102 $aIT 105 $ay-------001yy 200 1 $aRegolamento comunale per la concessione di finanziamenti e benefici economici ad enti pubblici e soggetti privati$fa cura di Fiorenzo Narducci 210 $aGorle$cC.E.L.$d1992 215 $a29 p.$d30 cm 225 1 $aCollana di Regolamenti Statuti e Testi operativi$v1 676 $a342.02$v21$zita 702 1$aNarducci,$bFiorenzo 801 0$aIT$bUNINA$gRICA$2UNIMARC 901 $aBK 912 $a990008225750403321 952 $aVI G 732$b330$fDDA 959 $aDDA 996 $aRegolamento comunale per la concessione di finanziamenti e benefici economici ad enti pubblici e soggetti privati$9738541 997 $aUNINA